000 01103nam a2200241 i 4500
001 32089
003 ES-MaACL
005 20250718062534.0
007 t|
008 030217s1874 sp ||||1| spa d
100 1 _aCanalejas, Francisco de Paula,
_d1834-1883
_eaut
_934381
245 1 0 _aDiscurso leído en la Universidad de Madrid en el acto de la apertura del curso académico de 1874 a 1875 /
_cpor Francisco de Paula Canalejas [Tema: El desconocimiento y la falta de voluntad, causa de los males presentes].
260 _aMadrid :
_bUniversidad de Madrid,
_c1874
_f(Imp. José Ducazcal)
300 _a51 páginas ;
_c26 cm.
650 7 _aÉtica
_2embne
_912577
710 2 _aUniversidad de Madrid.
_eedt
_97205
740 3 2 _aEl desconocimiento y la falta de voluntad, causa de los males presentes
852 _aES-MaACL
_cDEPOF
_jT-169-F-10
852 _aES-MaACL
_cDEPOF
_fSello de Los Escolares Médicos
_fSello de Manuel de Tolosa y Latour
_hDonativo de Manuel Tolosa Latour
_jT-385-F-19
942 _2udc
_cFOLLETOS
_n0
999 _c32089
_d32089